000 00381nam a22001697a 4500
005 20160531105843.0
008 160531b xxu||||| |||| 00| 0 eng d
020 _a81-7446-275-9
041 _aeng
082 _b6279
100 _aVerma, Harsh V
_91564
245 _aBrand Management
260 _bExcel Books
_c2004
300 _a270
650 _aManagement
_9241
942 _cBK
999 _c2222
_d2221